AFL Runners-up - Statistics

General Stats
  • This quiz has been taken 30 times
  • The average score is 61 of 124
Answer Stats
Year Team % Correct
2017 Adelaide
100%
2021 Bulldogs
100%
2018 Collingwood
100%
2010 St Kilda
100%
2022 Sydney
100%
2016 Sydney
100%
2013 Fremantle
91%
2020 Geelong
91%
2019 GWS Giants
91%
2012 Hawthorn
91%
2014 Sydney
91%
2015 West Coast
91%
2011 Collingwood
82%
2000 Melbourne
82%
2009 St Kilda
82%
2004 Brisbane
73%
1999 Carlton
73%
1993 Carlton
73%
2003 Collingwood
73%
2002 Collingwood
73%
2001 Essendon
73%
2008 Geelong
73%
1995 Geelong
73%
1994 Geelong
73%
1992 Geelong
73%
2007 Port Adelaide
73%
2006 Sydney
73%
2005 West Coast
73%
1990 Essendon
64%
1983 Essendon
64%
1985 Hawthorn
64%
1984 Hawthorn
64%
1998 North Melbourne
64%
1997 St Kilda
64%
1996 Sydney
64%
1986 Carlton
55%
1966 Collingwood
55%
1898 Essendon
55%
1989 Geelong
55%
1987 Hawthorn
55%
1965 St Kilda
55%
1991 West Coast
55%
1980 Collingwood
45%
1977 Collingwood
45%
1970 Collingwood
45%
1964 Collingwood
45%
1960 Collingwood
45%
1956 Collingwood
45%
1968 Essendon
45%
1943 Essendon
45%
1975 Hawthorn
45%
1988 Melbourne
45%
1958 Melbourne
45%
1974 North Melbourne
45%
1982 Richmond
45%
1971 St Kilda
45%
1973 Carlton
36%
1969 Carlton
36%
1962 Carlton
36%
1949 Carlton
36%
1932 Carlton
36%
1916 Carlton
36%
1910 Carlton
36%
1909 Carlton
36%
1904 Carlton
36%
1981 Collingwood
36%
1979 Collingwood
36%
1955 Collingwood
36%
1952 Collingwood
36%
1939 Collingwood
36%
1938 Collingwood
36%
1937 Collingwood
36%
1925 Collingwood
36%
1922 Collingwood
36%
1920 Collingwood
36%
1918 Collingwood
36%
1915 Collingwood
36%
1905 Collingwood
36%
1959 Essendon
36%
1957 Essendon
36%
1951 Essendon
36%
1948 Essendon
36%
1947 Essendon
36%
1941 Essendon
36%
1908 Essendon
36%
1902 Essendon
36%
1906 Fitzroy
36%
1903 Fitzroy
36%
1900 Fitzroy
36%
1961 Footscray
36%
1967 Geelong
36%
1953 Geelong
36%
1930 Geelong
36%
1963 Hawthorn
36%
1954 Melbourne
36%
1946 Melbourne
36%
1978 North Melbourne
36%
1976 North Melbourne
36%
1950 North Melbourne
36%
1972 Richmond
36%
1944 Richmond
36%
1940 Richmond
36%
1933 Richmond
36%
1931 Richmond
36%
1928 Richmond
36%
1927 Richmond
36%
1919 Richmond
36%
1945 South Melbourne
36%
1935 South Melbourne
36%
1934 South Melbourne
36%
1899 South Melbourne
36%
1913 St Kilda
36%
1921 Carlton
27%
1926 Collingwood
27%
1911 Collingwood
27%
1901 Collingwood
27%
1923 Fitzroy
27%
1917 Fitzroy
27%
1942 Richmond
27%
1929 Richmond
27%
1936 South Melbourne
27%
1914 South Melbourne
18%
1912 South Melbourne
18%
1907 South Melbourne
18%
No matching quizzes found
Score Distribution
Percent of People with Each Score
Percentile by Number Answered
Your Score History
You have not taken this quiz